000 00419cam a22001337a 4500
008 180718b1990 xxu||||| |||| 00| 0 eng d
082 _aB136x5421 Sh23 CRS
100 _aSharma, Sone Lal
245 _aOrigin and growth of rural service centres
_cby Sone Lal Sharma
260 _aDelhi
_bCriterion
_c1990
300 _a229p.
650 _aRural service centres - India - U.P.
650 _aRural development - India - U.P.
999 _c354584
_d354584